Intranet as groupware

Bibliographic Details
Main Author: Hills, Mellanie (Author)
Format: Book
Published: New York : John Wiley , c1997
Subjects:

MARC

LEADER 00000cam a2200000 7i4500
001 0000007465
005 20021119093000.0
020 |a 0471163732 ,   |c (pbk. : alk. paper) 
090 0 0 |a HD30.385   |b .H548 1997 
100 0 |a Hills, Mellanie ,   |e author 
245 0 0 |a Intranet as groupware   |c Mellanie Hills 
260 2 |a New York :   |b John Wiley ,   |c c1997 
300 |a xii, 308 p. :   |b ill. ; ;   |c 24 cm. 
504 |a Includes index 
650 0 |a Groupware (Computer software) 
650 0 |a Intranets (Computer networks) 
999 |a 1000079878   |b Book   |c OPEN SHELF (30 DAYS)   |e Gong Badak Campus